000 00620nam a22002177a 4500
003 OSt
005 20160617144532.0
008 160617b xxu||||| |||| 00| 0 eng d
020 _a9780702029592
040 _cDNLM
082 _aWE312 K141p 2006
100 _aKapandji, A. I.
_99474
245 _aThe Physiology of the Joints: the spinal column, pelvin girdle and head
250 _a6th ed. Vol.3
260 _aEdinburgh; Churchill, 2006
300 _axi,335p; col.ill: 28cm
504 _aBibliograpy, & index included
650 _aPhysiology
_9215
650 _aSpine, pelvic, head
_99475
942 _2z
_cO_SHELF
999 _c4404
_d4404